<?xml version="1.0" encoding="UTF-8"?><?xml-stylesheet type="text/xsl" href="static/style.xsl"?><OAI-PMH xmlns="http://www.openarchives.org/OAI/2.0/" xmlns:xsi="http://www.w3.org/2001/XMLSchema-instance" xsi:schemaLocation="http://www.openarchives.org/OAI/2.0/ http://www.openarchives.org/OAI/2.0/OAI-PMH.xsd"><responseDate>2026-06-29T09:37:12Z</responseDate><request verb="GetRecord" identifier="oai:docta.ucm.es:20.500.14352/115356" metadataPrefix="marc">https://docta.ucm.es/rest/oai/request</request><GetRecord><record><header><identifier>oai:docta.ucm.es:20.500.14352/115356</identifier><datestamp>2025-01-22T00:49:17Z</datestamp><setSpec>com_20.500.14352_14</setSpec><setSpec>col_20.500.14352_15</setSpec></header><metadata><record xmlns="http://www.loc.gov/MARC21/slim" xmlns:dcterms="http://purl.org/dc/terms/" xmlns:xsi="http://www.w3.org/2001/XMLSchema-instance" xmlns:doc="http://www.lyncode.com/xoai" xsi:schemaLocation="http://www.loc.gov/MARC21/slim http://www.loc.gov/standards/marcxml/schema/MARC21slim.xsd">
   <leader>00925njm 22002777a 4500</leader>
   <datafield ind2=" " ind1=" " tag="042">
      <subfield code="a">dc</subfield>
   </datafield>
   <datafield ind2=" " ind1=" " tag="720">
      <subfield code="a">Roscales García, Silvia</subfield>
      <subfield code="e">author</subfield>
   </datafield>
   <datafield ind2=" " ind1=" " tag="720">
      <subfield code="a">Ortega, Andrea</subfield>
      <subfield code="e">author</subfield>
   </datafield>
   <datafield ind2=" " ind1=" " tag="720">
      <subfield code="a">Martín-Aragón Álvarez, Sagrario</subfield>
      <subfield code="e">author</subfield>
   </datafield>
   <datafield ind2=" " ind1=" " tag="720">
      <subfield code="a">Bermejo Bescos, María De La Paloma</subfield>
      <subfield code="e">author</subfield>
   </datafield>
   <datafield ind2=" " ind1=" " tag="720">
      <subfield code="a">García Csaky, Aurelio</subfield>
      <subfield code="e">author</subfield>
   </datafield>
   <datafield ind2=" " ind1=" " tag="260">
      <subfield code="c">2012</subfield>
   </datafield>
   <datafield ind2=" " ind1=" " tag="520">
      <subfield code="a">The development of the regioselective conjugate addition of boronic acids to ketoglutaconic esters under transition metal catalysis is reported. Among the different catalysts tested for this transformation, the dicationic PdII catalysts generated with Pd(OCOCF3)2, dppben, and HBF4 performed best in terms of yields, regioselectivities and avoidance of Heck-type by-products. The resulting 4-aryl-2-oxopentadienoates were transformed into pyridazin-3(2H)-ones, potentially useful for the therapy of neurodegenerative diseases. These compounds simultaneously exhibited β-secretase activity, inhibition of β-amyloid (βA) aggregation, and disaggregation of pre-formed βA fibrils, and also had a good scavenging profile for intracellular reactive oxygen species (ROS).</subfield>
   </datafield>
   <datafield ind1="8" ind2=" " tag="024">
      <subfield code="a">10.1002/ejoc.201200734</subfield>
   </datafield>
   <datafield ind1="8" ind2=" " tag="024">
      <subfield code="a">https://hdl.handle.net/20.500.14352/115356</subfield>
   </datafield>
   <datafield ind1="8" ind2=" " tag="024">
      <subfield code="a">https://chemistry-europe.onlinelibrary.wiley.com/doi/abs/10.1002/ejoc.201200734</subfield>
   </datafield>
   <datafield ind2="0" ind1="0" tag="245">
      <subfield code="a">Pd(II)-catalyzed conjugate addition of boronic acids to ketoglutaconic esters toward the synthesis of functionalized pridazin-3(2H)-ones with neuroprotective activity</subfield>
   </datafield>
</record></metadata></record></GetRecord></OAI-PMH>